000 00515nam a2200217 454500
001 068140
003 BD-ChCU
008 Eng
020 _ax
040 _aDLC
_cDLC
_dBD-ChCU
082 0 0 _a184/FIP
100 1 _aField, G.C.
_bx
245 1 0 _aPlato and his contemporaries; a study in fourth-century life and thought
_bx
250 _a3rd
260 _aLondon
_bMethuen
_c1967
300 _axi, 242
504 _ax
650 0 _aPhilosophy-Greek
_bPhilosophy-Greek
700 1 _ax
942 _2ddc
_cBK
999 _c68140
_d68140